De cursos y de formaciones docentes : historia de la carrera docente de la Facultad de Derecho de la UBA /

Guardado en:
Otros Autores: Clérico, María Laura, (coord.), Cardinaux, Nancy Susana, (coord.), Molinari, Andrea, (coord.), Ruiz, Guillermo, (coord.)
Formato: Libro
Idioma:Spanish
Publicado: Buenos Aires : UBA, 2005
Edición:1a. ed.
Materias:
Etiquetas: Agregar Etiqueta
Sin Etiquetas, Sea el primero en etiquetar este registro!
LEADER 00829nam a22002175a 4500
001 DER.der001325
008 180615s2005####ag#||||||||||||||#||spa||
005 20260218141459.0
245 1 0 |a De cursos y de formaciones docentes :  |b historia de la carrera docente de la Facultad de Derecho de la UBA /  |c coordinado por Laura Clérico, Nancy Cardinaux, Andrea Molinari. 
250 |a 1a. ed. 
260 |a Buenos Aires :  |b UBA,  |c 2005 
300 |a 161 p. 
020 |a 9502908902 
700 1 |a Clérico, María Laura,  |e coord. 
700 1 |a Cardinaux, Nancy Susana,  |e coord. 
700 1 |a Molinari, Andrea,  |e coord. 
700 1 |a Ruiz, Guillermo,  |e coord. 
650 7 |a DOCENCIA 
859 |a DERECHO  |b BIB. DERECHO  |h 378.09  |i UBA  |p 003401 
859 |a DERECHO  |b BIB. DERECHO  |h 378.09  |i UBA  |p 003402  |t 1 
859 |a DERECHO  |b BIB. DERECHO  |h 378.09  |i UBA  |p 003403  |t 2